000 00771cam a22002294a 4500
001 13529970
005 20250603111536.0
008 040319s2004 ilu b 001 0 eng
020 _a0830827862 (pbk. : alk. paper)
050 0 0 _aBV800
_b.V36 2004
082 0 0 _a265
_222
100 1 _aVander Zee, Leonard J.,
_d1945-
245 1 0 _aChrist, baptism, and the Lord's Supper :
_brecovering the sacraments for evangelical worship /
_cLeonard Vander Zee.
260 _aDowners Grove, Ill. :
_bInterVarsity Press,
_cc2004.
300 _a249 p. ;
_c23 cm.
650 0 _aBaptism.
650 0 _aLord's Supper.
650 0 _aSacraments.
650 0 _aEvangelicalism.
856 4 1 _3Table of contents
_uhttp://www.loc.gov/catdir/toc/ecip0416/2004006653.html
942 _2lcc
_cBK
_n0
999 _c6199
_d6199